The USSR and Africa : new dimensions of Soviet global power /

Bibliographic Details
Main Author: Rothenberg, Morris
Format: Book
Language:English
Published: [Washington?] : Advanced International Studies Institute in association with the University of Miami, [1980]
Series:Monographs in international affairs.
Subjects:

MARC

Tag First Indicator Second Indicator Subfields
LEADER 00000cam a2200000 a 4500
001 in00000097013
005 20150924084906.0
008 801007s1980 dcu b 00110 eng d
010 |a  80067085  
020 |a 0933074018 
020 |a 093307400X (pbk.) 
035 |a (OCoLC)06798893 
035 |9 AAK8882AM 
040 |a DGW  |c DGW  |d OCL  |d TXA  |d UtOrBLW 
043 |a e-ur---  |a f------ 
049 |a TXAM  |c [389006] 
090 |a DT38.9 R8  |b  R67 
100 1 |a Rothenberg, Morris. 
245 1 4 |a The USSR and Africa :  |b new dimensions of Soviet global power /  |c Morris Rothenberg. 
264 1 |a [Washington?] :  |b Advanced International Studies Institute in association with the University of Miami,  |c [1980] 
264 4 |c ©1980 
300 |a viii, 280 pages ;  |c 24 cm. 
336 |a text  |b txt  |2 rdacontent 
337 |a unmediated  |b n  |2 rdamedia 
338 |a volume  |b nc  |2 rdacarrier 
490 1 |a Monographs in international affairs 
504 |a Includes bibliographical references and index. 
651 0 |a Africa  |x Relations  |z Soviet Union. 
651 0 |a Soviet Union  |x Relations  |z Africa. 
830 0 |a Monographs in international affairs. 
999 |a MARS 
999 f f |s d8856858-1b7d-38ea-94f8-37e3272a4d62  |i 1e4defb4-c5ae-3a83-aa35-eacaa0c08814  |t 0 
952 f f |p ric  |a Texas A&M University  |b Rellis Campus  |c Joint Library Facility  |d Remote Storage  |t 0  |e DT38.9 R8 R67  |h Library of Congress classification  |i unmediated -- volume  |m A14806026205 
998 f f |a DT38.9 R8 R67  |t 0  |l Remote Storage